| 000 | 00608nam a2200181 i 4500 | ||
|---|---|---|---|
| 001 | 78810 | ||
| 003 | ES-MaACL | ||
| 005 | 20230906173826.0 | ||
| 007 | t| | ||
| 008 | 041018s1979 sp ||||1| spa d | ||
| 100 | 1 |
_aHegel, Georg Wilhelm Friedrich. _962316 |
|
| 245 | 1 | 0 |
_aSobre las maneras de tratar científicamente el Derecho natural / _cG.W.F. Hegel ; introducción, traducción y notas de Dalmacio Negro Pavón. |
| 250 | _a[1ª ed.]. | ||
| 260 |
_a[Madrid] : _bAguilar, _c[1979] |
||
| 300 |
_aLI, 179 p. ; _c19 cm. |
||
| 700 | 1 |
_aNegro Pavón, Dalmacio. _985316 |
|
| 852 |
_aES-MaACL _jA-10678 _bR.99871 |
||
| 999 |
_c78810 _d78810 |
||